World Capitals - Sudden Death - Part 2 - Statistics

General Stats
  • This quiz has been taken 106 times
  • The average score is 15 of 20
Answers on the Grid
Answers color-coded by a green-red scale on the quiz's grid according to % correct below.
Antananarivo
Port au Prince
Male
Port Vila
Tashkent
Tbilisi
Damascus
Nicosia
Bamako
N'Djamena
Asmara
Tegucigalpa
Roseau
Skopje
Bratislava
Vilnius
Baku
Kampala
Malabo
Bridgetown
Durban
Abidjan
Graz
Nuremberg
Gaza
Nadi
Malacca
Brno
Punta Cana
Vancouver
Melbourne
Florence
Auckland
Thessaloniki
Kisangani
 
Answer Stats
Answer % Correct
Baku
84%
Bratislava
84%
Skopje
84%
Damascus
82%
Nicosia
82%
Tbilisi
82%
Tashkent
81%
Vilnius
81%
Port au Prince
75%
Bridgetown
74%
Bamako
72%
Male
72%
Kampala
70%
Roseau
70%
Antananarivo
68%
Asmara
68%
N'Djamena
68%
Tegucigalpa
68%
Malabo
63%
Port Vila
63%
No matching quizzes found
Score Distribution
Percent of People with Each Score
Percentile by Number Answered
Your Score History
You have not taken this quiz